Christophe Maneuvrier (éd.), Le registre de Guillaume Guérart, tabellion de Lisieux (1390-1393), Caen, Presses universitaires de Caen, Enquêtes rurales, n° 13, 2010, 344 p. (notice n° 1592657)
[ vue normale ]
| 000 -LEADER | |
|---|---|
| fixed length control field | 02042cam a2200169 4500500 |
| 005 - DATE AND TIME OF LATEST TRANSACTION | |
| control field | 20251228070414.0 |
| 041 ## - LANGUAGE CODE | |
| Language code of text/sound track or separate title | fre |
| 042 ## - AUTHENTICATION CODE | |
| Authentication code | dc |
| 100 10 - MAIN ENTRY--PERSONAL NAME | |
| Personal name | Laffont, Pierre-Yves |
| Relator term | author |
| 245 00 - TITLE STATEMENT | |
| Title | Christophe Maneuvrier (éd.), Le registre de Guillaume Guérart, tabellion de Lisieux (1390-1393), Caen, Presses universitaires de Caen, Enquêtes rurales, n° 13, 2010, 344 p. |
| 260 ## - PUBLICATION, DISTRIBUTION, ETC. | |
| Date of publication, distribution, etc. | 2011.<br/> |
| 500 ## - GENERAL NOTE | |
| General note | 75 |
| 520 ## - SUMMARY, ETC. | |
| Summary, etc. | Granville est un port terre-neuvier en plein essor au xviiie siècle. En période de belligérance, la pêche de la morue à Terre-Neuve est interrompue, par conséquent les Granvillais s’adonnent à la guerre de course. Tandis qu’une majorité d’armateurs attend patiemment le retour de la paix pour reprendre leurs activités habituelles, une poignée d’hommes particulièrement entreprenants se lance régulièrement et intensément dans l’activité corsaire. Qui sont ces hommes ? Sont-ils tous des armateurs morutiers ? Le font-ils par nécessité ? L’activité corsaire est-elle réellement une activité de substitution ? L’exemple granvillais démontre le contraire. Ceux qui se lancent dans la guerre de course semblent plutôt céder à une tentation exacerbée du risque, associée au goût d’entreprendre. |
| 520 ## - SUMMARY, ETC. | |
| Summary, etc. | Granville Ship-owners and Privateers : An Activity of Substitution or Risk ?In the eighteenth century Granville was a booming cod-fishing port. During wars, the Newfoundland fishery was interrupted ; Granville seamen served on privateers. While a majority of ship-owners patiently waited for of peace to resume their usual activities, some enterprising men outfitted privateers on a regular and intense basis. Who were these men ? Were they all involved in the fishery ? Did they outfit privateers through necessity or as a surrogate activity ? |
| 786 0# - DATA SOURCE ENTRY | |
| Note | Annales de Normandie | 61e aée | 2 | 2011-12-01 | p. 166n-167n | 0003-4134 |
| 856 41 - ELECTRONIC LOCATION AND ACCESS | |
| Uniform Resource Identifier | <a href="https://shs.cairn.info/revue-annales-de-normandie-2011-2-page-166n?lang=fr&redirect-ssocas=7080">https://shs.cairn.info/revue-annales-de-normandie-2011-2-page-166n?lang=fr&redirect-ssocas=7080</a> |
Pas d'exemplaire disponible.




Réseaux sociaux